00373nam a2200133Ia 450000500170000000800410001702000180005808200240007610000250010024500390012526000400016430000140020465000210021820250410100944.0231217s9999 xx 000 0 und d a9783319556055 a001.64404 KIZ;1 R aKizza, Joseph Migga. 0aGuide to computer network security c2017bPearson EducationaSouth Asia axxiv, 569 acomputer,network